00497nam a2200181Ia 450000500170000000800410001702000110005804000190006904100120008808200150010010000210011524500380013626000320017430000240020650400500023065000250028085000100030520230822140355.0131103s9999 xx 000 0 und d cRs.225 aLoreto College aEnglish a915.4bAHL aAhluwalia,H.P.S. aEternal HimalayacH.P.S.Ahluwalia aNew DelhibInterprintc1982 a208, [8]p.b plates aIncludes bibliographical references and index aHimalaya - Geography aLCLIB